Science of social organisation or the laws of manu : (Record no. 124567)

MARC details
000 -LEADER
fixed length control field 00645nam a22002177a 4500
005 - DATE AND TIME OF LATEST TRANSACTION
control field 20170124105941.0
010 ## - LIBRARY OF CONGRESS CONTROL NUMBER
LC control number 185049
020 ## - INTERNATIONAL STANDARD BOOK NUMBER
Terms of availability 00.00
035 ## - SYSTEM CONTROL NUMBER
System control number 185049
037 ## - SOURCE OF ACQUISITION
Source of stock number/acquisition Cen Lib/Ret
040 ## - CATALOGING SOURCE
Original cataloging agency DPL
Language of cataloging EN
082 ## - DEWEY DECIMAL CLASSIFICATION NUMBER
Classification number 230.65
Edition number BHA
100 ## - MAIN ENTRY--PERSONAL NAME
Personal name Bhagvan Das
9 (RLIN) 11187
245 ## - TITLE STATEMENT
Title Science of social organisation or the laws of manu :
Statement of responsibility, etc by Bhagvan Das
Remainder of title in the light of Atma-vidya /
260 ## - PUBLICATION, DISTRIBUTION, ETC. (IMPRINT)
Place of publication, distribution, etc Banaras
Name of publisher, distributor, etc Ananda publishing
Date of publication, distribution, etc 1948
270 ## - ADDRESS
City Banaras
Address Kamacha
300 ## - PHYSICAL DESCRIPTION
Extent various pagings
Dimensions 17cm(Hb)
650 ## - SUBJECT ADDED ENTRY--TOPICAL TERM
Topical term or geographic name as entry element Hinduism
Chronological subdivision
9 (RLIN) 91255
650 ## - SUBJECT ADDED ENTRY--TOPICAL TERM
Topical term or geographic name as entry element Meditation--Hinduism
9 (RLIN) 9554
942 ## - ADDED ENTRY ELEMENTS (KOHA)
Source of classification or shelving scheme Dewey Decimal Classification
Koha item type English Books
Classification part 230.65
Call number suffix BHA
Holdings
Withdrawn status Lost status Damaged status Not for loan Collection code Home library Current library Date acquired Source of acquisition Cost, normal purchase price Total Checkouts Full call number Barcode Date last seen Copy number Cost, replacement price Price effective from Koha item type
      Not For Loan Reference Central Library Central Library 17/06/2015 Cen Lib/Ret 0.00   230.65 BHA 185049 17/06/2015 1 0.00 17/06/2015 English Books

© Delhi Public Library
Hit Counter
free hit counter